000
00414nam a2200145Ia 4500
008
100204s9999 xx 000 0 und d
082
_b
15646
100
_a
बोकील संजीवनी
245
_a
अभिमान
260
_b
"निहार प्रकाशन , पुणे"
_c
1992
300
_a
132
630
_a
अभिमान
730
_a
अभिमान
942
_c
BOOK
999
_c
460069
_d
460066